000 00332nam a2200157Ia 4500
003 IT-RoPAU
008 120407s9999 xx 000 0 und d
040 _aIT-RoPAU
040 _cIT-RoPAU
100 _aP. Hurley Neil
245 _aTheology through film
260 _aHarper & Row
300 _c cm
490 _v1
942 _cBK
999 _c6711
_d6711